[Event "Asia-ch 5th"]
[Site "Hyderabad"]
[Date "2005.10.14"]
[Round "8"]
[White "Sasikiran, Krishnan"]
[Black "Kayumov, Sergey"]
[Result "1-0"]
[WhiteElo "2663"]
[BlackElo "2436"]
[Annotator "Huebner,R"]
[PlyCount "82"]
[EventDate "2005.10.05"]
[EventType "swiss"]
[EventRounds "9"]
[EventCountry "IND"]
[SourceTitle "CBM 110"]
[Source "ChessBase"]
[SourceDate "2006.01.31"]
[SourceVersion "1"]
[SourceVersionDate "2006.01.31"]
[SourceQuality "1"]

1. d4 d5 2. c4 c6 3. Nf3 Nf6 4. e3 Bf5 5. Nc3 e6 6. Nh4 Bg6 7. Nxg6 hxg6 8. Bd2
Nbd7 9. Rc1 Bd6 10. Qb3 Rb8 11. g3 Qe7 12. Bg2 {Der Aufbau des Weißen ist
solide, aber bescheiden. Er will den Gegner nicht sofort überrennen, sondern
hofft, daß sein Läuferpaar auf die Dauer Gewicht erlangen wird.} e5 13. O-O
dxc4 14. Qxc4 Nb6 (14... O-O {sieht natürlicher aus; aber es macht keinen
großen Unterschied.}) 15. Qb3 O-O 16. a4 Rfc8 {Hier hat der Turm nicht viel zu
suchen.} (16... Rfe8 $5) 17. Rfe1 Nbd7 18. Rcd1 b5 $2 {Das sieht aktiv aus,
schwächt aber den Damenflügel und öffnet dem Läuferpaar des Weißen die
Stellung.} (18... Re8 {ist solider.}) (18... e4 19. f3 exf3 20. Bxf3 c5 21. Nb5
a6 22. Nxd6 Qxd6 23. Bc3 {überläßt dem Weißen die bequemere Stellung.}) (18...
a6 {könnte zur Vorbereitung dieser Variante dienen.}) 19. axb5 a6 20. Ra1 axb5
21. Ra7 Qf8 22. Ne4 $6 {Danach kann sich Schwarz durch den Vorstoß des
c-Bauern etwas erholen. Konsequenter ist} (22. Rc1 b4 (22... c5 {wird einfach
mit} 23. Nxb5 {beantwortet}) 23. Ne4 {Jetzt scheitert} c5 {an} 24. Nxf6+ Nxf6
25. Bh3 {, und deshalb bleibt die Stellung des Schwarzen erbärmlich.}) 22... c5
23. Ng5 (23. dxc5 Bxc5 (23... Nxe4 {ist falsch:} 24. cxd6 Nxd2 25. Qb4 Nb6 26.
Qxd2 Nc4 27. Qd5 Nxd6 28. Qxe5 {, und Weiß gewinnt.}) (23... Nxc5 24. Nxf6+
gxf6 25. Qa2 e4 {ist dagegen auch spielbar.}) 24. Ra5 b4 {führt zu keinem
klaren Ergebnis.}) 23... c4 24. Qc2 b4 $2 {Nötig ist} (24... Rc7 25. Rea1 Rbc8
{Weiß hat deutlichen Vorteil, muß aber erst noch durchkommen.}) 25. Rxd7 Nxd7 (
{Auf} 25... b3 {folgt} 26. Qb1 Nxd7 27. Bd5 Be7 28. Nxf7 Kh7 29. Qe4 {und Weiß
gewinnt.}) 26. Bd5 Qe7 $6 {Zäher, wenn auch auf die Dauer nicht ausreichend
zur Rettung, ist} (26... Be7 27. Nxf7 Kh7 28. Qe4 (28. Nxe5 Nxe5 29. dxe5 Qd8
30. e4 (30. Bf7 Qd3) (30. Be4 Rb6) 30... c3 31. bxc3 bxc3 32. Bc1 Qb6 {, und
Schwarz kann sich noch wehren.}) 28... c3 29. bxc3 bxc3 30. Bc1 Rb5 31. Be6 Rc7
32. Bxd7 Rxd7 33. Nxe5 Rd6 34. Qc2 {usw.}) 27. Bxf7+ (27. Qxg6 {gewinnt noch
schneller.}) 27... Qxf7 28. Nxf7 Kxf7 29. f4 $18 exd4 30. exd4 Nf6 31. f5 gxf5
32. Qxf5 c3 33. bxc3 bxc3 34. Bg5 Re8 35. Rxe8 Rxe8 36. Bxf6 gxf6 37. Qd5+ Kg6
38. Qc6 Re1+ 39. Kf2 Rc1 40. Qxd6 c2 41. Qc6 Kf7 1-0

[Event "Asia-ch 5th"]
[Site "Hyderabad"]
[Date "2005.10.07"]
[Round "2"]
[White "Zhao, Jun"]
[Black "Sasikiran, Krishnan"]
[Result "1-0"]
[WhiteElo "2500"]
[BlackElo "2663"]
[Annotator "Huebner,R"]
[PlyCount "87"]
[EventDate "2005.10.05"]
[EventType "swiss"]
[EventRounds "9"]
[EventCountry "IND"]
[SourceTitle "CBM 110"]
[Source "ChessBase"]
[SourceDate "2006.01.31"]
[SourceVersion "1"]
[SourceVersionDate "2006.01.31"]
[SourceQuality "1"]

1. d4 Nf6 2. c4 c6 3. Nf3 d5 4. e3 Bf5 5. Nc3 e6 6. Nh4 Be4 7. f3 Bg6 8. Qb3
Qc7 9. Bd2 Be7 10. Rc1 dxc4 11. Bxc4 a6 12. g3 Bh5 13. O-O Nbd7 14. g4 g5 (
14... Bg6 {ist sicher spielbar.} 15. e4 {ist schlecht wegen der Antwort} Nxg4)
(14... b5 15. Bxe6 fxe6 16. gxh5 Qd6 {ist ebenfalls interessant.}) 15. Nf5 exf5
$6 {Danach bekommt Weiß Vorteil. In Betracht kommt} (15... Bxg4 $5 16. Nxe7 (
16. fxg4 exf5 17. Bxf7+ Kd8 {führt zu unklarem Spiel.}) 16... Bh3 17. Nxc6 Qxc6
(17... Bxf1 18. Bxe6 bxc6 (18... fxe6 19. Qxe6+ Kf8 20. Ne5 $18) 19. Bxf7+ Kf8
20. Rxf1 Rb8 21. Qe6 Kg7 {ist vielleicht auch spielbar.}) 18. Rf2 Rg8 {mit
unklarer Lage.}) 16. gxh5 $16 O-O-O (16... Rf8 17. Bd3 f4 18. exf4 gxf4 19.
Rfe1 {ist unbequem für Schwarz.}) 17. Bxf7 Kb8 18. Rf2 Nb6 19. Na4 $6 (19. Ne2
{mit der unangenehmen Drohung Ld2-a5 und Vorteil für Weiß:} Nbd5 20. Be6 f4 21.
e4 {usw.}) 19... Nbd5 $6 (19... Nxa4 20. Qxa4 Qd6 {sollte zu einer für Schwarz
spielbaren Stellung führen.}) 20. Be6 g4 21. Bxf5 gxf3 (21... g3 22. hxg3 Qxg3+
23. Rg2 (23. Kf1 Nxh5 {führt zu keiner klaren Lage.}) 23... Qxf3 24. e4 Qxb3
25. axb3 Nc7 26. h6 Rxd4 27. Bc3 Rdd8 28. Be5 {sieht allzu unbequem für
Schwarz aus.}) 22. e4 Rhg8+ 23. Kf1 Nxe4 $2 {Verzweiflung.} (23... Bb4 $1 24.
Bh6 (24. exd5 Bxd2 25. Rxd2 Qg7 26. Qe3 Nxd5 27. Qe5+ Qxe5 28. dxe5 Ne3+ 29.
Kf2 Ng4+ {schafft dem Weißen unbequeme Momente!}) 24... Bf8 25. Bxf8 Rdxf8 26.
Nc5 (26. exd5 Qf4 {ist dagegen nicht überzeugend.}) 26... Qg7 27. Ke1 Rf7 {
hätte den Weißen zu genauerem Spiel gezwungen.}) 24. Bxe4 Bh4 25. Nc5 $6 {
Das genügt zum Gewinn; zwingender ist jedoch} (25. Bxd5 Rxd5 26. Qxd5 Rg1+ 27.
Kxg1 Qg7+ 28. Kf1 cxd5 29. Bf4+ Ka7 30. Rc8) 25... Qg7 26. Qxb7+ Qxb7 27. Nxb7
Kxb7 28. Rxf3 Rg4 29. Rb3+ Ka7 30. Bxd5 Rxd5 31. Rxc6 Rf5+ 32. Ke2 Rg2+ 33. Kd3
Rf3+ 34. Be3 Bg5 35. Rc7+ Ka8 36. Ke4 Rxe3+ 37. Rxe3 Bxe3 38. Kxe3 Rxb2 39.
Rxh7 Rxa2 40. d5 Kb8 41. d6 Kc8 42. Rc7+ Kd8 43. h6 Rxh2 44. h7 1-0

[Event "FIDE-Wch k.o."]
[Site "Groningen"]
[Date "1997.12.10"]
[Round "1.3"]
[White "Kurajica, Bojan"]
[Black "Granda Zuniga, Julio E"]
[Result "0-1"]
[WhiteElo "2545"]
[BlackElo "2625"]
[Annotator "Huebner,R"]
[PlyCount "130"]
[EventDate "1997.12.09"]
[EventType "k.o."]
[EventRounds "7"]
[EventCountry "NED"]
[SourceTitle "CBM 063"]
[Source "ChessBase"]
[SourceDate "1998.03.26"]
[SourceVersion "1"]
[SourceVersionDate "1998.03.26"]
[SourceQuality "1"]

1. d4 d5 2. c4 c6 3. e3 Nf6 4. Nf3 Bf5 5. cxd5 cxd5 6. Nc3 e6 7. Ne5 Nfd7 8. g4
Bg6 9. Nxg6 hxg6 10. Bg2 Nc6 11. e4 {Weiß möchte die Stellung für sein
Läuferpaar öffnen, aber seine Bauernstruktur wird übel zerfasert; auf
Eröffnungsvorteil kann er mit dieser Spielweise nicht hoffen. Auch die
Vorgängerpartie in dieser Variante dürfte nicht als eine der wichtigsten
Partien der Schachgeschichte zu gelten haben:} (11. h3 f5 12. Qe2 Bb4 13. Bd2
Nb6 14. O-O O-O 15. Rad1 Rc8 16. Be1 Bd6 17. f3 {1/2-1/2 Vadasz,L-Meduna,E/
Tirnava 1981}) 11... dxe4 12. Bxe4 Nf6 13. Bg2 Be7 14. Be3 Qa5 15. a3 Rd8 16.
g5 Nd5 17. Bxd5 exd5 18. Qf3 $2 (18. h4 $11 {war stärker; dem Königsturm des
Schwarzen sollte die Möglichkeit genommen werden, über die h-Linie in den
Kampf um die Zentrumsfelder einzugreifen.}) 18... Bb4 19. Rc1 Bxc3+ 20. Rxc3
Qb5 {Nun ist der positionelle Vorteil des Schwarzen deutlich.} 21. b4 $6 (21.
Qe2 Qxe2+ 22. Kxe2 Rh4 23. Kd3 Kd7 24. Rc5 Kd6 25. b4 {bot bessere
Überlebensaussichten.}) 21... a5 (21... Rh4 22. Qd1 Re4 {kam ebenfalls in
Betracht; denn} 23. Rc5 Qa6 {ist ungünstig für Weiß.}) 22. Qe2 Qxe2+ 23. Kxe2
axb4 24. axb4 Rh4 25. Rd3 Kd7 26. Kf3 Ra8 27. Kg3 Re4 28. Rc1 Ra4 29. f3 Re8 $2
({Nach} 29... Re6 30. b5 (30. Rc5 Nxb4 31. Rdc3 Rc6 {ist nicht besser.}) 30...
Ne7 31. Bf4 Rc4 32. Rxc4 dxc4 33. Rc3 (33. Rd1 Nd5 34. Rc1 c3 {sieht
hoffnungslos für Weiß aus.}) 33... Nf5+ 34. Kg4 Nxd4 35. Rxc4 Nxb5 {hat
Schwarz vorzügliche Gewinnaussichten.}) 30. Rc5 Ne7 (30... Nxb4 31. Rdc3 {
überläßt dem Weißen jetzt allzuviel Gegenspiel.}) 31. Bf4 Rc8 32. Rb5 Kc6 33.
Rc5+ Kd7 34. Rb5 Kc6 35. Rc5+ Kd7 36. Rb5 $6 {Statt diesen Zug zu spielen,
sollte Weiß Remis reklamieren, denn natürlich hat Schwarz immer noch das
bequemere Spiel.} Ra7 37. Be5 Rc4 38. Bb8 $2 ({Nach} 38. Kg4 Rc2 (38... Kc6 39.
Rc5+ Rxc5 40. bxc5 Nf5 41. Rb3 {bietet dem Schwarzen keine Gewinnaussichten.})
39. h4 {hat Weiß keinerlei Schwierigkeiten mehr.}) 38... Kc6 39. Rc5+ Rxc5 40.
bxc5 Ra4 41. Be5 Nf5+ 42. Kg4 Rb4 43. Kh3 (43. h4 {ist ein schärferer
Rettungsversuch. Nach} Rb1 (43... Kb5 44. h5 Kc4 45. Rd2 Kc3 46. Rh2 {bringt
den Schwarzen in Schwierigkeiten.}) 44. h5 Rg1+ (44... Rh1 45. hxg6 fxg6 46. f4
{führt zu einer Remisstellung.}) 45. Kf4 Rh1 46. hxg6 fxg6 47. Bb8 Rh8 ({Nach} 
47... Kb5 48. Rb3+ Kc4 49. Rxb7 Kxd4 50. Be5+ Kxc5 51. Bxg7 {sollte Weiß mit
Hilfe seines aktiven Königs überleben können.}) 48. Ba7 Rf8 49. Ke5 (49. Kg4
Ra8 50. Bb6 Ra4 {ist hoffnungslos für Weiß.}) 49... Nh4 {wird Weiß aber auch
ins Gras beißen.}) 43... Kb5 44. Rd2 Kc4 45. Kg4 Kc3 46. Ra2 Nxd4 47. Bxg7 {
Dies verliert eine Figur, aber die Stellung dürfte schon hoffnungslos für Weiß
sein.} Kb3 $19 48. Rd2 Nf5+ 49. f4 Nxg7 50. Rxd5 Ne6 51. Rd7 Rxf4+ 52. Kg3 Nxc5
53. Rxb7+ Nxb7 54. Kxf4 Nd6 55. Ke5 Ne8 56. Kd5 Kc3 57. Kc6 f5 58. gxf6 Nxf6
59. Kd6 Kd4 60. Ke6 Nh5 61. Kf7 Nf4 62. Kf6 Ke4 63. h3 Kf3 64. Kg5 Kg3 65. h4
Kf3 0-1

[Event "FIDE-Wch k.o."]
[Site "Groningen"]
[Date "1997.12.22"]
[Round "5.4"]
[White "Dreev, Alexey"]
[Black "Gelfand, Boris"]
[Result "0-1"]
[WhiteElo "2640"]
[BlackElo "2695"]
[Annotator "Huebner,R"]
[PlyCount "122"]
[EventDate "1997.12.09"]
[EventType "k.o."]
[EventRounds "7"]
[EventCountry "NED"]
[SourceTitle "CBM 063"]
[Source "ChessBase"]
[SourceDate "1998.03.26"]
[SourceVersion "1"]
[SourceVersionDate "1998.03.26"]
[SourceQuality "1"]

1. d4 {Hecht} d5 2. c4 c6 3. Nf3 Nf6 4. e3 Bf5 5. Nc3 e6 6. Nh4 Bg6 7. Qb3 Qb6
8. Nxg6 hxg6 9. Bd2 Nbd7 10. Bd3 Be7 11. h3 Rc8 12. Qxb6 axb6 13. Ke2 O-O 14.
Rac1 Rfd8 15. Rhd1 dxc4 16. Bxc4 b5 17. Bb3 e5 18. Be1 exd4 19. Rxd4 Nc5 20.
Rxd8+ Rxd8 21. Bc2 Ra8 22. a3 Nfd7 23. Na2 Nb6 24. Bb4 Kf8 25. Nc3 Ne6 26.
Bxe7+ Kxe7 27. Bb3 Nc4 28. Nd1 Nb6 29. Rc2 Na4 30. f3 Nac5 31. Ba2 g5 32. Nc3
f6 33. Rc1 Na4 34. Nd1 Nb6 35. Bb3 Na4 36. Rc2 Nac5 37. Ba2 Ra4 38. Nc3 Ra8 39.
Rd2 Ra6 40. g3 Ra8 41. Kf2 Na4 42. Nd1 Nb6 43. Rc2 Rd8 44. Ke2 Na4 45. Nf2 Nac5
46. Rd2 Ra8 47. Bb1 Nb3 48. Rd1 Na5 49. Bf5 Nc4 50. Nd3 Nd6 51. Bxe6 Kxe6 {
[#] Hecht: Annähernd gleichstehendes Endspiel, das von Weiß passiv und
schlecht zugleich behandelt wird Eine Endspielmedaille für die strategische
Fehlleistung von Weiß..} 52. f4 $6 {Diese Schwächung des Feldes e4 ist höchst
riskant.} Rh8 53. Rh1 $2 {zu passiv Dies führt zum Verlust. Nötig war} (53.
fxg5 fxg5 (53... Rxh3 $2 {Hecht} 54. Nf4+) 54. h4 {mit etwa gleichem Spiel:}
gxh4 (54... Nc4 55. b3 Nxa3 56. Nc5+) 55. Nf4+ Kd7 56. Ng6 {usw. Ein
gelungener Selbstmord.}) 53... g4 54. h4 {Hecht: schlecht!} (54. Nc5+ Ke7 (
54... Kd5 {wäre ein böser Reinfall:} 55. b4 gxh3 56. Rd1+ Kc4 57. Rxd6 h2 58.
Kd2 $18 {und Weiß setzt matt.}) 55. h4 b6 {ergibt keinen wesentlichen
Unterschied zur Partiefortsetzung; der Springer des Schwarzen bezieht mit
entscheidender Wirkung das Feld e4.}) (54. Nf2 $142 {Hecht}) 54... Ne4 55. Rg1
Rd8 56. Rg2 (56. b4 {Hecht} Ra8 $19 {[%csl Ra3]}) 56... c5 57. Rg1 c4 58. f5+
Kxf5 59. Rf1+ Ke6 60. Nf4+ Kf7 61. Ke1 Rd2 0-1

[Event "Lazne Bohdanec"]
[Site "Lazne Bohdanec"]
[Date "1996.??.??"]
[Round "10"]
[White "Stocek, Jiri"]
[Black "Votava, Jan"]
[Result "1/2-1/2"]
[WhiteElo "2465"]
[BlackElo "2540"]
[Annotator "Huebner,R"]
[PlyCount "103"]
[EventDate "1996.01.??"]
[EventType "tourn"]
[EventRounds "11"]
[EventCountry "CZE"]
[EventCategory "10"]
[SourceTitle "CBM 051"]
[Source "ChessBase"]
[SourceDate "1996.04.01"]
[SourceVersion "1"]
[SourceVersionDate "1996.04.01"]
[SourceQuality "1"]

1. Nf3 Nf6 2. c4 c6 3. d4 d5 4. e3 Bf5 5. cxd5 cxd5 6. Nc3 e6 7. Ne5 Nfd7 8. g4
(8. Qb3 {wurde häufiger gespielt, zum Beispiel Aljechin,A-Euwe,M, 11.Partie
des Weltmeisterschaftskampfes 1935 (Den Haag).}) 8... Bg6 9. Nxg6 hxg6 10. Qb3
Qc7 11. Bd2 Nc6 12. O-O-O (12. Rc1 $5) 12... a6 13. Kb1 Be7 14. Rc1 Qb6 15. Qa4
g5 16. e4 (16. Bg2 $5) 16... Qxd4 (16... dxe4 17. d5 Nc5 18. Qd1 {nebst 19.Le3
ist gefährlich für Schwarz.}) 17. Qxd4 Nxd4 18. exd5 Nf3 19. Be3 Nde5 20. Be2 (
20. dxe6 fxe6 (20... Nxg4 21. exf7+ Kxf7 22. Bc4+ {nebst 23.Ld5}) 21. Bg2 {
verspricht dem Weißen eher Aussicht auf Initiative.}) 20... Rh6 21. dxe6 Rxe6
22. Nd5 Bd8 23. h3 Rd6 24. Rhd1 Rd7 25. a4 f6 26. Nb6 Rxd1 27. Rxd1 Bxb6 28.
Bxb6 Rc8 29. b4 Nh4 30. Kb2 Nhg6 31. Kb3 Nf4 32. Bf1 Kf7 33. Be3 Rc7 34. Rd8
Ne6 35. Rd6 Ke7 36. Rd1 Rd7 37. Rxd7+ Kxd7 38. b5 axb5 39. Bxb5+ Kd6 40. Bf1
Nf4 41. a5 Nc6 42. Ka4 Nd5 43. Bd2 Kc5 44. Bg2 Ne5 45. Bxd5 Kxd5 46. Kb5 Nd7
47. f4 gxf4 48. Bxf4 Ke4 49. Bd6 g5 50. Kc4 Ne5+ 51. Kc5 Nd7+ 52. Kc4 1/2-1/2

[Event "RUS-Cup03 Geller Memorial"]
[Site "Moscow"]
[Date "1999.02.13"]
[Round "4"]
[White "Odeev, Handszar"]
[Black "Rustemov, Alexander"]
[Result "0-1"]
[WhiteElo "2403"]
[BlackElo "2539"]
[Annotator "Huebner,R"]
[PlyCount "75"]
[EventDate "1999.02.10"]
[EventType "swiss"]
[EventRounds "9"]
[EventCountry "RUS"]
[SourceTitle "CBM 070"]
[Source "ChessBase"]
[SourceDate "1999.06.08"]
[SourceVersion "1"]
[SourceVersionDate "1999.06.08"]
[SourceQuality "1"]

1. d4 d5 2. Nf3 Nf6 3. c4 c6 4. e3 Bf5 5. Nc3 e6 6. Be2 Nbd7 7. O-O Bd6 8. c5
Bc7 9. b4 {Der Aufbau des Weißen taugt nichts.} Ne4 (9... a6 10. a4 Ng4 11. h3
h5 12. Bb2 Be4 13. b5 Bxf3 14. Bxf3 Qg5 15. b6 Bd8 16. hxg4 hxg4 17. Bxg4 f5
18. f4 Qxg4 19. Qxg4 fxg4 20. e4 Bf6 21. e5 Be7 22. Kf2 O-O-O 23. Kg3 Nf8 24.
Rh1 Ng6 25. Kxg4 Nh4 26. g3 Nf5 27. Ne2 Rdf8 28. Bc3 Nh6+ 29. Kf3 g5 30. Rh5
g4+ 31. Kg2 Nf7 32. Rah1 Rxh5 33. Rxh5 Rh8 34. Rxh8+ Nxh8 35. Nc1 Nf7 36. Nb3
Nh6 37. Kf2 Kd7 38. Bd2 Nf5 39. Be3 Bf8 40. Nd2 Ke7 41. Nf1 Kd7 42. Nh2 Nh6 43.
f5 exf5 44. Bxh6 Bxh6 45. Nf1 Bc1 46. Ne3 Bb2 47. Nc2 Ke6 48. Ke3 Bc3 49. Kd3
Ba5 50. Ke2 Bc3 51. Ke3 a5 52. Ke2 Bb2 53. Kd3 Bc1 54. Ne3 Ba3 55. Nf1 Bb4 56.
Nd2 Kd7 57. Ke3 Ke6 58. Nb3 Bc3 59. Nc1 Bb4 60. Nd3 Bc3 61. Nf4+ Kf7 62. Nxd5
cxd5 63. c6 f4+ 64. gxf4 Bxd4+ 65. Kxd4 g3 66. cxb7 g2 67. b8=Q g1=Q+ 68. Kxd5
Qd1+ 69. Kc5 Qc2+ 70. Kd6 Qd1+ 71. Kc7 Qxa4 72. Qd8 Qc4+ 73. Kb8 Qb5 74. Qf6+
Ke8 75. Qe6+ Kd8 76. Qd6+ Ke8 77. e6 a4 78. f5 a3 79. f6 {1-0 Zukertort,
J-Winawer,S/London 1883/HCL (79)}) 10. Nxe4 (10. Bb2 a6 11. Qe1 O-O 12. Kh1 Qe7
13. Nxe4 dxe4 14. Nd2 e5 15. Nc4 exd4 16. Bxd4 Qg5 17. Qc3 Rae8 18. f4 exf3 19.
Bxf3 Qh4 20. Nd6 Bxd6 21. cxd6 Qg5 22. Rae1 Be4 23. Re2 Qg6 24. Ref2 Re6 25.
Bxe4 Rxe4 26. h3 f6 27. Qd2 Rfe8 28. Rf3 Qf7 29. Ba1 Qe6 30. Re1 Nb6 31. Rg3
Nd5 32. a3 Qxd6 33. Qf2 R8e7 34. Bd4 Re8 35. Rg4 Qe6 36. Rxe4 Qxe4 37. Qg3 h6
38. Qd6 Qe7 39. Qg3 Kh8 40. e4 Nc7 41. e5 Qd7 42. Bb2 Nd5 43. exf6 Rxe1+ 44.
Qxe1 Nxf6 45. Bxf6 gxf6 46. Qh4 Kg7 47. Qg3+ Kf7 48. Qe3 h5 49. Qc5 Kg6 50.
Qc2+ Qf5 51. Qe2 Kf7 52. Qe3 Qe5 53. Qd3 Qa1+ 54. Kh2 Qe5+ 55. Kh1 Ke6 56. Qb3+
Kd6 57. Qd3+ Kc7 58. Kg1 a5 59. Qb3 axb4 60. axb4 Qd4+ 61. Kf1 Kb6 62. Qa3 Kb5
63. Qa5+ Kc4 64. Qxh5 Kxb4 65. Qh7 b5 66. h4 Kc3 67. h5 b4 68. h6 b3 69. Qf5
Qd1+ 70. Kf2 Qd2+ 71. Kf3 Qxh6 72. Qc5+ Kb2 73. Qd4+ Kb1 74. Qe4+ Ka2 75. Qa4+
Kb2 76. Qd4+ Ka3 77. Qa1+ Kb4 78. Qd4+ Kb5 79. Qd3+ Kc5 80. Qc3+ Kd6 81. Qd3+
Kc7 82. Qxb3 Qh5+ 83. Kf2 Qc5+ 84. Kg3 Qe5+ 85. Kh3 c5 86. Qf7+ Kc6 87. Qa7 Kd5
88. Qd7+ Kc4 89. Qa4+ Kd5 90. Qd7+ Qd6 91. Qb7+ Kd4 92. Qb2+ Kd5 93. Qb7+ Ke6
94. Qc8+ Kf7 95. Qb7+ Qe7 96. Qb5 Qe6+ 97. Kg3 c4 98. Qb7+ Kg6 99. Kf3 Qf5+
100. Ke3 Qd3+ 101. Kf4 c3 102. Qc6 Qd2+ 103. Kg4 Qe2+ 104. Kf4 c2 105. Qc3 Qe5+
{0-1 Ahner,A-Hille,I/Germany 1997/GER-chT (105)}) 10... dxe4 11. Nd2 Qh4 12. f4
({Solider war} 12. g3 Qh3 13. Re1 Nf6 14. Bf1 Qh6 15. Bg2) 12... g5 13. Nc4 Rg8
$6 (13... gxf4 14. exf4 Rg8 {war genauer.}) 14. b5 $2 (14. Nd6+ Bxd6 15. cxd6 {
gefolgt von b4-b5 führte zu gutem Spiel für Weiß, weil er nach g5xf4 mit dem
Turm zurückschlagen kann.}) 14... Bh3 15. Rf2 (15. bxc6 bxc6 (15... Bxg2 16.
cxd7+ Kd8 17. Qe1 Qh3 18. Qg3 Bxf1 19. Bxf1 Qxg3+ 20. hxg3 gxf4 21. exf4 Rxg3+
22. Kf2 {sieht nicht sonderlich attraktiv für Schwarz aus.}) 16. Rf2 {war
genauer, denn nun ist das Damenopfer nicht so attraktiv:} gxf4 17. exf4 Qxf2+
18. Kxf2 Rxg2+ 19. Ke3 Nf6 20. d5 Nxd5+ 21. Kd4 Rd8 22. Nd6+ Bxd6 23. cxd6 Rxd6
24. Kc5 {, und der König des Weißen steht verhältnismäßig sicher.}) 15... gxf4
16. exf4 Qxf2+ {Einer solchen Möglichkeit kann man natürlich nicht widerstehen;
aber auch nach} (16... cxb5 17. Nd6+ Bxd6 18. cxd6 a6 {stünde Schwarz wohl
recht gut.}) 17. Kxf2 Rxg2+ 18. Ke3 Nf6 19. d5 Nxd5+ 20. Kd4 Rd8 21. Nd6+ Bxd6
22. cxd6 Rxd6 23. Kc5 Kd7 24. a4 {Bis hierher hatt Weiß nach dem Damenopfer
keine plausible Möglichkeit, von der Textfolge abzuweichen.} Rg8 ({Nach} 24...
b6+ 25. Kc4 Nxf4 26. Bxf4 Rxd1 27. Rxd1+ Kc8 28. Bf1 Rg1 29. Be2 Rxd1 30. Bxd1
Bf1+ {hat Schwarz im Endspiel einige Gewinnaussichten. Mit dem Textzug plant
Schwarz, diesen Turm auf der c-Linie zum Einsatz zu bringen, aber Weiß hat
Verteidigungsmöglichkeiten.}) 25. b6 $2 {Danach wird die Bauernphalanx des
Schwarzen zu mächtig.} (25. a5 {ist ebenfalls ungenügend:} cxb5 26. Bxb5+ Ke7
27. Ba3 Rc8+ 28. Kd4 Nb4+ 29. Kxe4 Bg2+ 30. Ke3 Rxd1 31. Rxd1 (31. Bxb4+ Rd6 {
ist hoffnungslos für Weiß.}) 31... Rc3+ 32. Kf2 Rxa3 33. Rd7+ Kf6 34. Kxg2 a6 {
, und Schwarz gewinnt.}) ({Weiß sollte die Dame aus der indirekten Bedrohung
durch den Turm auf d6 entfernen.} 25. Qb3 {bot Aussichten auf erfolgreiche
Verteidigung:} Bf5 (25... Rc8 26. Kd4 (26. Qxh3 cxb5+ 27. Kxb5 a6+ 28. Ka5 Rc5+
29. Bb5+ axb5 {nebst matt.}) 26... Nxf4+ (26... Bf5 {wird mit} 27. Ba3 {
pariert.}) 27. Kxe4 Nxe2 28. Qxh3 {mit Vorteil für Weiß.}) 26. bxc6+ Rxc6+ 27.
Kd4 $13 {, und ich sehe nicht, wie Schwarz dem gegnerischen König beikommen
kann.}) (25. Qe1 {dient derselben Absicht:} Rc8 26. Kd4 Bf5 27. Ba3 c5+ 28. Kc4
({Nach} 28. Bxc5 Nb4+ 29. Kc3 {wiederholt Schwarz am besten mit 29...Sd5+ die
Züge;} Nd3 30. Bxd3 exd3 31. Kb4 d2 32. Qe2 Rd5 33. Be3 {verheißt keinen
Vorteil.}) 28... Nxf4 29. Rd1 Nd3 {mit unklarer Stellung.}) 25... axb6+ 26. Kc4
Rg2 27. Qe1 Bf5 28. Kb3 Rxh2 29. Ba3 c5 30. Rd1 e3 31. Bb2 f6 32. Bb5+ Kc7 33.
Qg3 e2 34. Qg7+ Kb8 35. Re1 Rh3+ 36. Ka2 Nb4+ 37. Ka1 Rd1+ 38. Bc1 0-1

[Event "RUS-ch"]
[Site "Elista"]
[Date "1995.??.??"]
[Round "2"]
[White "Tunik, Gennady"]
[Black "Bareev, Evgeny"]
[Result "0-1"]
[WhiteElo "2515"]
[BlackElo "2650"]
[Annotator "Huebner,R"]
[PlyCount "158"]
[EventDate "1995.10.??"]
[EventType "swiss"]
[EventRounds "11"]
[EventCountry "RUS"]
[SourceTitle "CBM 050"]
[Source "ChessBase"]
[SourceDate "1996.02.01"]
[SourceVersion "1"]
[SourceVersionDate "1996.02.01"]
[SourceQuality "1"]

1. d4 d5 2. c4 c6 3. Nf3 Nf6 4. e3 Bf5 5. Bd3 Bg6 6. O-O e6 7. Nc3 Nbd7 8. b3
Bd6 9. Bb2 Ne4 10. Qc2 f5 11. Nd2 (11. Ne2 Qf6 12. Nf4 Bf7 13. Be2 O-O 14. Nd3
Qh6 15. a4 dxc4 16. bxc4 c5 $10 {Hansen,Cu-Nikolic,P, Esbjerg 1982, MCL 03.
Der Textzug ist keine Verbesserung; die Stellung des Schwarzen ist schon ein
wenig bequemer.}) 11... O-O 12. f4 Nxd2 13. Qxd2 Nf6 14. a4 Qe7 15. c5 (15. Qc1
$5 {mit der Absicht, Lb2-a3 folgen zu lassen, kam in Betracht.}) 15... Bc7 16.
b4 Bh5 17. Qe1 {Weiß spielt ohne Plan. Er sollte natürlich versuchen,
amDamenflügel Gegenspiel zu erlangen. Richtig war} (17. b5) 17... h6 18. Be2
Bxe2 19. Nxe2 g5 {Schwarz hat schon deutlichen Vorteil.} 20. Nc1 Kh7 21. Nd3
Rg8 22. Rc1 Rg7 23. Rc2 Rag8 24. Bc1 Qe8 25. Qd1 gxf4 26. exf4 Ne4 27. Qf3 Rg4
28. Ne5 Bxe5 $17 29. dxe5 a5 30. bxa5 R4g7 31. Ba3 Qd8 32. Bb4 Rg4 33. Be1 d4
34. Rb2 Nxc5 35. a6 d3 36. g3 bxa6 37. Rd2 Qd5 38. Qxd5 exd5 39. Bf2 Ne4 40.
Rxd3 Rxf4 41. Rb3 Rfg4 42. Rc1 R4g6 43. Rb6 c5 44. Bxc5 Rc8 45. Rb7+ Rg7 46.
Rxg7+ Kxg7 47. Be3 Rxc1+ 48. Bxc1 h5 49. Bb2 Kf7 50. Bd4 Ke6 51. Kg2 Nd2 52.
Kf2 Nc4 53. Kf3 Nxe5+ 54. Kf4 Nd3+ 55. Ke3 Nb4 56. Bc3 Nc6 57. h4 Kd6 58. Bg7
Nd8 59. Bd4 Ne6 60. Ba7 Kc6 61. Kd3 Nc5+ 62. Ke3 Nxa4 63. Kf4 Nc5 64. Kxf5 d4
65. Bb8 Kd5 66. g4 hxg4 67. Kxg4 a5 68. h5 a4 69. h6 Nd7 70. Bf4 a3 71. Bc1 a2
72. Bb2 Ke4 73. Kg3 Nf6 74. Kf2 Ng4+ 75. Ke2 Nxh6 76. Kd2 Nf5 77. Kc1 d3 78.
Bc3 Ne3 79. Bg7 Nc2 0-1